1001 1290 1920 1671 1191 1083 1487 1443 1984 1828 1766 1150 1159 1287 1893 1610 1221 1178 1524 1708 1056 1482 1186 1643 1455 1274 1679 1614 1990 1697 1253 1776 1207 1615 1803 1446 1114 1403 1854 1469 1517 1530 1167 1034 1046 1038 1038 1773 1768 1977 1711 1429 1350 1124 1878 1513 1336 1591 1187 1661 1357 1532 1513 1641 1693 1850 1039 1227 1110 1593 1946 1383 1148 1786 1599 1569 1144 1351 1406 1938 1609 1502 1065 1037 1081 1164 1737 1308 1521 1221 1540 1075 1892 1342 1418 1397 1066 1675 1630 BCNSPRNW ULIB Ver.6.0+V

เปลี่ยนเป็นภาษาไทย

Change to English
 แสดงรายละเอียดบรรณานุกรม
  กลับหน้าหลัก

Brief Record : Get Marc (ISO 2709) : E-mail record : QR code < ปิดหน้าต่าง
LEADER : 00000nam 2200000uu 4500
001    13399108412
003     ULIB
008    110303s2007||||th 000 0 tha d
020    9781582555324
024    1582555324
060  4 WY100^B561 2007
245 00 Best pratices evidence-based nursing procedures^cMunden, Juilie, editor
250    2nd.ed
260    Philadelphia. :^b Lippincott Williams & Wikins, ^c2007
300    628 pp.
650  7 Evidence-Bases Nursing.
650  7 Nursing care^x Practices
945    ^p1885^l0^i020368
995    Kesorn
999 ^a ใช้งานได้ทุกระบบ
รายการนี้ยังไม่มีแท็ก
คุณยังไม่ได้ล็อกอิน คุณสามารถมีกิจกรรมร่วมกับเว็บไซต์ได้ แต่ต้องล็อกอินก่อน ::
  ล็อกอิน

รายการสื่อสารสนเทศ

ลำดับที่ ประเภท เลขเรียก/บาร์โค้ด สถานที่ สถานะ
- ไม่พบข้อมูล -

BibComment


ยังไม่เคยถูกคอมเมนท์

คอมเมนท์ทรัพยากรรายการนี้
  คอมเมนท์: Best pratices evi..


 Copyright 2026. Bcnsprnw @Library